| 000 | 01660cab a22002535a 4500 | ||
|---|---|---|---|
| 001 | L154629 | ||
| 008 | 120106e20111125xxk 000 0 eng d | ||
| 035 | _a(Sirsi) u154629 | ||
| 041 | 0 | _aeng | |
| 100 | 1 | _aGordon, Warren | |
| 245 | 0 | 0 |
_aLegal case news _bjudges enforce status quo after interim rent ruckus - Neale v Witney Electric Theatre |
| 260 | _c2011 | ||
| 490 | 0 |
_aProperty Week _v77(42) 25 November 2011, 65(1) |
|
| 520 | _a"Neale v Witney Electric Theatre" [2011] EWCA Civ 1032, 15 July 2011 concerned the level of statutory interim rent payable by the business tenant where the tenant was not granted a renewal lease. Appellant business tenant N applied for a new tenancy under the Landlord and Tenant Act 1954 s 24 which was opposed by Respondent landlord W. N's application was dismissed by the court and the tenancy expired. N appealed against the CC's determination of the interim rent for the period from s25 notice to tenancy expiry. "Held": appeal dismissed. The CC judge had broad discretion in determining the interim and had arrived at a reasonable rent. N should continue to pay at the level of the passing rent to avoid unfairness to the landlord. | ||
| 590 | _aKA | ||
| 650 | 2 | 4 | _aNEALE V WITNEY ELECTRIC THEATRE |
| 650 | 2 | 4 | _aCHARLES FOLLETT LTD V CABTELL INVESTMENTS LTD |
| 650 | 2 | 4 | _aLANDLORD AND TENANT ACT 1954 S24D |
| 650 | 2 | 4 | _aLANDLORD AND TENANT ACT 1954 S 34(1) |
| 650 | 2 | 4 | _aLANDLORD AND TENANT ACT 1954 S34(2) |
| 651 | 4 |
_aEngland and Wales _y1543- |
|
| 690 | _aPROPERTY-COMMERCIAL PROPERTY-LEASEHOLD COMMERCIAL PROPERTY-COMMERCIAL LANDLORD AND TENANT-COMMERCIAL LEASES-COMMERCIAL LEASE RENEWAL | ||
| 942 | _n0 | ||
| 999 |
_c83687 _d83687 |
||